LEADER 00396nab a2200145 i 4500 001 000000266378 003 CaOOAMICUS 005 20070507000000.0 008 070507n xx uu u0 0und r 013 $a10387 040 $aSeMil$bita 245 10$a[SENZA TITOLO]. 500 $a2007/2. 773 0 $t[2007].$dLeiden ; Boston : Brill, 2007.$w()159974 996 $6245$a[SENZA TITOLO]$9(OLS)http://semarc/title/354609 LEADER 01139nam a2200253 i 4500 001 000000108952 003 CaOOAMICUS 005 20260323085711.0 008 021018s1962 it u000 u ita u 013 $a81632 040 $aSeMil$bita 100 1 $aLocke, John,$d<1632-1704>.$0(OLS)http://semarc/name/5548 245 10$aSaggio sull'intelletto umano /$cJohn Locke ; traduzione, introduzione e note a cura di Giancarlo Penati. 260 $aBrescia :$bLa Scuola,$c1962. 300 $aLVIII, 221 p., [1] c. di ritratto ;$c21 cm. 490 0 $aIl pensiero : classici della filosofia commentati 650 4$aLocke, John <1632-1704> - Pensiero filosofico.$0(OLS)http://semarc/subject/14457 700 1 $aPenati, Giancarlo.$0(OLS)http://semarc/name/18571 830 3$aIl pensiero : classici della filosofia commentati.$0(OLS)http://semarc/title/6768 850 $aSeMil 852 $aSeMil$W1$xVenegono$y1$m2P II 866$j64990$B64990$CSeMilBibl$Z2$F72587 $81 996 $6245$aSaggio sull'intelletto umano$9(OLS)http://semarc/title/123287 996 $6260$aBrescia :$bLa Scuola$9(OLS)http://semarc/publisher/29831